000 00607cam a22002052a 4500
001 013499
003 AR-FADEU
008 311216n1967####xxu####################dd
092 _aA863.42
_bR696
100 _aRodríguez Monegal, Emir
245 _aGenio y figura de Horacio Quiroga
260 _aBuenos Aires
260 _bEUDEBA
260 _c1967
300 _a191 p. : il., fot
440 _aBiblioteca de América, genio y figura
_n14
500 _aIncluye bibliografía
650 _aLITERATURA-HISPANOAMERICA; CRITICA LITERARIA; QUIROGA, HORACIO; CUENTO-ARGENTINA-SIGLO XX
942 _cBDGR
999 _c19266
_d19266